Interprofile conditions and impossibility /

Bibliographic Details
Main Author: Fishburn, Peter C.
Format: Book
Language:English
Published: Chur, Switzerland ; New York : Harwood Academic Publishers, [1987]
Series:Fundamentals of pure and applied economics ; 18.
Fundamentals of pure and applied economics. Social choice theory section.
Subjects:

MARC

Tag First Indicator Second Indicator Subfields
LEADER 00000cam a2200000 a 4500
001 in00000009018
005 20151007051447.0
008 861201s1987 sz b 00110 eng
010 |a  86031892  
020 |a 3718603772 (pbk.) 
035 |a (OCoLC)15019025 
035 |9 AAA3089AM 
040 |a DLC  |c DLC  |d m/c  |d TXA  |d UtOrBLW 
049 |a TXAM  |c [A12637666] 
050 0 0 |a HB846.8  |b .F67 1987 
082 0 |a 302/.13  |2 19 
100 1 |a Fishburn, Peter C. 
245 1 0 |a Interprofile conditions and impossibility /  |c Peter C. Fishburn. 
264 1 |a Chur, Switzerland ;  |a New York :  |b Harwood Academic Publishers,  |c [1987] 
264 4 |c ©1987 
300 |a viii, 93 pages ;  |c 23 cm. 
336 |a text  |b txt  |2 rdacontent 
337 |a unmediated  |b n  |2 rdamedia 
338 |a volume  |b nc  |2 rdacarrier 
490 1 |a Fundamentals of pure and applied economics,  |x 0191-1708 ;  |v 18.  |a Social choice theory section 
504 |a Bibliography: pages 81-88. 
500 |a Includes index. 
650 0 |a Social choice. 
830 0 |a Fundamentals of pure and applied economics ;  |v 18. 
830 0 |a Fundamentals of pure and applied economics.  |p Social choice theory section. 
999 |a MARS 
999 f f |s ed7c740f-502a-3dbc-8fca-373c7e729629  |i 4e36cc91-ff4c-3b59-87a6-c998d8af6ef6  |t 0 
952 f f |p ric  |a Texas A&M University  |b Rellis Campus  |c Joint Library Facility  |d Remote Storage  |t 0  |e HB846.8 .F67 1987  |h Library of Congress classification  |i unmediated -- volume  |m A14812637666 
998 f f |a HB846.8 .F67 1987  |t 0  |l Remote Storage